L'individu contre l'État / (Record no. 165671)

MARC details
000 -LEADER
campo de control de longitud fija 00882nam a22002535i 4500
001 - NÚMERO DE CONTROL
campo de control 165671
003 - IDENTIFICADOR DE NÚMERO DE CONTROL
campo de control ES-MaACL
005 - FECHA Y HORA DE LA ÚLTIMA TRANSACCIÓN
campo de control 20250831035711.0
008 - DATOS DE LONGITUD FIJA--INFORMACIÓN GENERAL
campo de control de longitud fija 001226s1885 fr |||| | fre d
040 ## - FUENTE DE CATALOGACIÓN
Centro catalogador/agencia de origen CCPB | B
Lengua de catalogación spa
Centro/agencia transcriptor ES-MaACL
080 ## - NÚMERO DE LA CLASIFICACIÓN DECIMAL UNIVERSAL
Número de la Clasificación Decimal Universal 321.01
100 1# - ENTRADA PRINCIPAL--NOMBRE DE PERSONA
Nombre de persona Spencer, Herbert,
Fechas asociadas al nombre 1820-1903
9 (RLIN) 107684
245 12 - MENCIÓN DEL TÍTULO
Título L'individu contre l'État /
Mención de responsabilidad, etc. par Herbert Spencer ; traduit de l'anglais par J. Gerschel.
260 ## - PUBLICACIÓN, DISTRIBUCIÓN, ETC.
Lugar de publicación, distribución, etc. Paris :
Nombre del editor, distribuidor, etc. Ancienne librairie Germer Baillière et Cie :
-- Félix Alcan, éditeur,
Fecha de publicación, distribución, etc. 1885 (
Lugar de fabricación/manufactura Bourloton :
Fabricante Imprimeries réunies)
300 ## - DESCRIPCIÓN FÍSICA
Extensión II, 166 p. ;
Dimensiones 19 cm.
650 #7 - PUNTO DE ACCESO ADICIONAL DE MATERIA--TÉRMINO DE MATERIA
Término de materia o nombre geográfico como elemento de entrada Estado
Fuente del encabezamiento o término embne
9 (RLIN) 12523
700 11 - ENTRADA AGREGADA--NOMBRE PERSONAL
Nombre de persona Gerschel, J.,
9 (RLIN) 127296
752 ## - ENTRADA AGREGADA--NOMBRE JERÁRQUICO DEL LUGAR
País o entidad superior Francia -
Ciudad París
752 ## - ENTRADA AGREGADA--NOMBRE JERÁRQUICO DEL LUGAR
País o entidad superior Francia -
Ciudad Bourloton
852 ## - LOCALIZACIÓN
Ubicación ES-MaACL
Número de control de estantería F-11737
Nota libre -- Enc. pasta española
942 ## - ELEMENTOS DE ENTRADA SECUNDARIOS (KOHA)
Fuente del sistema de clasificación o colocación Clasificación decimal universal
Holdings
Estatus retirado Estado de pérdida Estado de daño No para préstamo Colección Biblioteca de origen Biblioteca actual Ubicación en estantería Fecha de adquisición Fuente de adquisición Total de préstamos Signatura topográfica completa Código de barras Visto por última vez Precio de reemplazo Tipo de ítem Koha
        Libros del s. XIX Biblioteca del Ateneo de Madrid Biblioteca del Ateneo de Madrid Sala Pecera Planta 2 17/01/2008     F-11737 1173742 23/02/2023 23/02/2023 Libro impreso antiguo